000 01414nam a2200361 a 4500
001 ebr10678733
003 CaPaEBR
006 m u
007 cr cn|||||||||
008 120830s2013 msu sb 001 0deng d
010 _z 2012033438
020 _z9781617037818 (cloth : alk. paper)
020 _z9781621039457 (e-book)
040 _aCaPaEBR
_cCaPaEBR
035 _a(OCoLC)808930470
043 _an-us---
050 1 4 _aPN6733.S56
_bZ573 2013eb
082 0 4 _a741.5/971
_aB
_223
245 0 0 _aDave Sim
_h[electronic resource] :
_bconversations /
_cedited by Eric Hoffman and Dominick Grace.
260 _aJackson :
_bUniversity Press of Mississippi,
_c2013.
300 _axxvi, 244 p.
490 1 _aConversations with comic artists
504 _aIncludes bibliographical references and index.
533 _aElectronic reproduction.
_bPalo Alto, Calif. :
_cebrary,
_d2013.
_nAvailable via World Wide Web.
_nAccess may be limited to ebrary affiliated libraries.
600 1 0 _aSim, Dave,
_d1956-
_vInterviews.
650 0 _aCartoonists
_zUnited States
_vInterviews.
655 7 _aElectronic books.
_2local
700 1 _aHoffman, Eric,
_d1976-
700 1 _aGrace, Dominick,
_d1963-
710 2 _aebrary, Inc.
830 0 _aConversations with comic artists.
856 4 0 _uhttp://site.ebrary.com/lib/rucke/Doc?id=10678733
_zAn electronic book accessible through the World Wide Web; click to view
999 _c59889
_d59889